Hợp tuyển văn học Anh
Sách dành cho sinh viên khoa Anh các trường đại học. Trích đoạn các tác phẩm tiêu biểu của các tác giả tên tuổi trong nền văn học Anh từ đầu đến thế kỷ XX: “The weath of love” của William Shakespeare, “I want some more” của Charles Dicken, “The settler” của Rudyard Kipling… và hệ thống các câu hỏi h...
Đã lưu trong:
| Tác giả chính: | |
|---|---|
| Tác giả khác: | |
| Định dạng: | Sách |
| Ngôn ngữ: | Vietnamese |
| Được phát hành: |
H.
Nxb. Văn hóa thông tin
2001
|
| Những chủ đề: | |
| Các nhãn: |
Thêm thẻ
Không có thẻ, Là người đầu tiên thẻ bản ghi này!
|
| Thư viện lưu trữ: | Mạng thư viện Đại học Đà Nẵng |
|---|
| LEADER | 01453nam a2200325 4500 | ||
|---|---|---|---|
| 001 | 000015670 | ||
| 003 | 12053 | ||
| 005 | 20120531090512.0 | ||
| 008 | 120531s2001 viesd | ||
| 020 | |c 38500đ | ||
| 041 | 0 | |a vie | |
| 082 | |a 820.428 |b LÊ-S | ||
| 100 | 0 | |a Lê Văn Sự | |
| 240 | |a An anthology of English literature | ||
| 245 | 0 | |a Hợp tuyển văn học Anh |c Lê Văn Sự | |
| 260 | |a H. |b Nxb. Văn hóa thông tin |c 2001 | ||
| 300 | |a 382tr. |c 20 cm | ||
| 520 | |a Sách dành cho sinh viên khoa Anh các trường đại học. Trích đoạn các tác phẩm tiêu biểu của các tác giả tên tuổi trong nền văn học Anh từ đầu đến thế kỷ XX: “The weath of love” của William Shakespeare, “I want some more” của Charles Dicken, “The settler” của Rudyard Kipling… và hệ thống các câu hỏi hướng dẫn tìm hiểu, khai thác nội dung tác phẩm | ||
| 650 | |a văn học Anh | ||
| 700 | |a Nguyễn Thị Bảo | ||
| OWN | |a LSP | ||
| AVA | |a UDN50 |b LSP |d 820.428 LÊ-S |e available |t Error 5001 Not defined in file expand_doc_bib_avail. |f 5 |g 0 |h N |i 0 |k 1 | ||
| 999 | |a From the UDN01 | ||
| AVA | |a UDN50 |b LSP |d 820.428 LÊ-S |e available |t Error 5001 Not defined in file expand_doc_bib_avail. |f 5 |g 0 |h N |i 0 |k 1 | ||
| TYP | |a Monograph | ||
| TYP | |a Printed language | ||
| 980 | |a Mạng thư viện Đại học Đà Nẵng | ||